=LDR 00000nam 2200000 4500 =001 INLIS000000000050598 =005 20200313075102 =035 ##$$a 0010-0517000251 =007 ta =008 200313################g##########0#ind## =020 ##$$a 978-602-70495-2-9 =082 ##$$a 297.14 =084 ##$$a 297.14 HID m =100 #$$a Hidayat, Arif =245 1#$$a Masuk surga modal HP : $b Smartphone, smart personality, smart pray /$c Arif Hidayat =250 ##$$a Cet.1 =260 ##$$a Depok :$b Mutiara Allamah Utama,$c 2014 =300 ##$$a x, 212 hlm : $b ilus ; $c 21 x 15 cm =650 #4$$a Fqih =500 ##$$a Bibliografi,, hlm. 209-210 =990 ##$$a 31701104 =990 ##$$a 31701103 =990 ##$$a 21105806 =990 ##$$a 31701103